• 首页
  • 本馆介绍
  • 公告通知
  • 最新文献
  • 馆藏检索
  • 电子资源
  • 读者导购
  • 参考咨询
  • 我的图书馆
  • 登录
  • 详细信息显示
  • 放入我的书架
  • 预约/预借图书
  • 作者相关作品
  • 分类相关作品
  • 丛书相关作品
  • 出版社相关作品

书目信息

  • 表格格式
  • 工作单格式
  • 卡片格式
题名:
大学 中庸 尚书
    
 
作者: 和兴文化 编
分册:  
出版信息: 南京   江苏凤凰美术出版社  2018
页数: 218页
开本: 22cm
丛书名: 品读国学精粹
单 册:
中图分类: B222.11 , K221.04
科图分类:
主题词: 儒家 , 中国历史--商周时代
电子资源:
ISBN: 978-7-5580-2044-5
000 01325oam2 2200277 45
001 012001010376
005 20140101163847.0
010    @a978-7-5580-2044-5@dCNY29.90
100    @a20181029d2018 em y0chiy0110 ea
101 0  @achi
102    @aCN@b320000
105    @ay z 000yy
106    @ar
200 1  @a大学 中庸 尚书@Ada xue   zhong yong   shang shu@f和兴文化编
210    @a南京@c江苏凤凰美术出版社@d2018
215    @a218页@d22cm
225 2  @a品读国学精粹
330    @a《中庸》是开启人生智慧的好教材。它能启迪我们人生的智慧,使我们懂得如何活得更有价值,更有意义。其核心思想是“中庸之道”。《尚书》,又称《书》或《书经》,是中国古典文集和历史文献,它以记言为主。《大学》是一篇论述儒家修身治国平天下思想的散文,是一部中国古代讨论教育理论的重要著作。 《中庸》是先秦儒家最早、最精密的哲学著作,堪称儒家学说的思想纲领和理论基础。它着力论述人生哲理,认为为人处世、安身立命的普遍原则是不要太过,也不要不及,要恰到好处,这就是“中庸之道”。《尚书》列为儒家经典之一, “尚”即“上”,《尚书》就是上古的书,它是中国上古历史文献和部分追述古代事迹著作的汇编。
410  0 @12001 @a品读国学精粹
606 0  @a儒家
606 0  @a中国历史@x商周时代
690    @aB222.11@v5
690    @aK221.04@v5
701  0 @a和兴文化@Ahe xing wen hua@4编
801  0 @aCN@b上海新华@c20191020
905    @b1136545-8@dB222.11@e922@f4
    
    大学 中庸 尚书/和兴文化编.-南京:江苏凤凰美术出版社,2018
    218页;22cm.-(品读国学精粹)
    
    
    ISBN 978-7-5580-2044-5:CNY29.90
    《中庸》是开启人生智慧的好教材。它能启迪我们人生的智慧,使我们懂得如何活得更有价值,更有意义。其核心思想是“中庸之道”。《尚书》,又称《书》或《书经》,是中国古典文集和历史文献,它以记言为主。《大学》是一篇论述儒家修身治国平天下思想的散文,是一部中国古代讨论教育理论的重要著作。 《中庸》是先秦儒家最早、最精密的哲学著作,堪称儒家学说的思想纲领和理论基础。它着力论述人生哲理,认为为人处世、安身立命的普遍原则是不要太过,也不要不及,要恰到好处,这就是“中庸之道”。《尚书》列为儒家经典之一, “尚”即“上”,《尚书》就是上古的书,它是中国上古历史文献和部分追述古代事迹著作的汇编。
●
相关链接 在E读中查询图书 在五车中查询图书 在当当中查询图书 在豆瓣中查询图书


正题名:大学 中庸 尚书     索取号:B222.11/922         预约/预借

序号 登录号 条形码 馆藏地/架位号 状态 备注
1 1136545   211365459   第一样本阅览室/ [索取号:B222.11/922] 在馆    
2 1136546   211365468   第一借阅区/ [索取号:B222.11/922] 在馆    
3 1136547   211365477   第一借阅区/ [索取号:B222.11/922] 在馆    
4 1136548   211365486   第一借阅区/ [索取号:B222.11/922] 在馆    
唐山师范学院图书馆 欢迎您!
大连网信软件有限公司© 版权所有